000 00454nam a2200181Ia 4500
001 6334
003 IN-NITTTR
005 20251114233018.0
008 251113s9999||||xx |||||||||||||| ||eng||
040 _beng
040 _cIN-NITTTR
041 _aeng
082 _a150 M369S
100 _aMarx, Melvin H.
245 0 _aSystems and theories in psychology /
_cMarx, Melvin H., Cronan-Hillix, W. A.
700 _a Cronan-Hillix, W. A.
942 _2ddc
_cBK
999 _c8972
_d8972